Les pokemons par couleur : jaune - Statistiques

Statistiques générales
  • Ce quiz a été pris 17 fois
  • Le résultat moyen est 24 sur 111
Statistiques - réponses
Réponse % Correct
0025 Pikachu
100%
0025 PikachuCasquettes
100%
0025 PikachuCosplayeur
100%
0025 PikachuGigamax
100%
0145 Electhor
85%
0145 ElecthorForme de Galar
85%
0026 Raichu
85%
0015 Dardargnan
69%
0015 Méga-Dardargnan
69%
0014 Coconfort
62%
0125 Elektek
62%
0172 Pichu
62%
0027 Sabelette
62%
0028 Sablaireau
62%
0135 Voltali
62%
0239 Elekid
54%
0466 Elekable
46%
0181 Méga-Pharamp
38%
0052 Miaouss
38%
0052 MiaoussGigamax
38%
0312 Négapi
38%
0181 Pharamp
38%
0311 Posipi
38%
0702 Dedenne
31%
1000 Gromago
31%
0053 Persian
31%
0243 Raikou
31%
0807 Zeraora
31%
0480 Créhelf
23%
0310 Elecsprint
23%
0192 Héliatronc
23%
0097 Hypnomade
23%
0310 Méga-Elecsprint
23%
0778 MimiquiForme Déguisée
23%
0778 MimiquiForme Démasquée
23%
0054 Psykokwak
23%
0894 Regieleki
23%
0096 Soporifik
23%
0191 Tournegrin
23%
0559 Baggiguane
15%
0488 Cresselia
15%
0982 DeusolourdoForme Double
15%
0982 DeusolourdoForme Triple
15%
0038 Feunard
15%
0156 Feurisson
15%
0078 Galopa
15%
0694 Galvaran
15%
0155 Héricendre
15%
0695 Iguolta
15%
0206 Insolourdo
15%
0596 Mygavolt
15%
0921 Pohm
15%
0923 Pohmarmotte
15%
0922 Pohmotte
15%
0077 Ponyta
15%
0595 Statitik
15%
0146 Sulfura
15%
0157 Typhlosion
15%
0157 TyphlosionForme de Hisui
15%
0494 Victini
15%
0567 Aéroptéryx
8%
0416 Apireine
8%
0415 Apitrini
8%
0566 Arkéapti
8%
0742 Bombydou
8%
0322 Chamallot
8%
0955 Flotillon
8%
0836 Fulgudog
8%
0203 Girafarig
8%
0870 Hexadron
8%
1021 Ire-Foudre
8%
0385 Jirachi
8%
0433 Korillon
8%
0619 Kungfouine
8%
0540 Larveyette
8%
0542 Manternel
8%
0800 NecrozmaCrinière du Couchant
8%
0291 Ninjask
8%
0103 Noadkoko
8%
0103 NoadkokoForme d'Alola
8%
0414 Papilord
8%
0926 Pâtachiot
8%
0741 PlumelineStyle Pom-Pom
8%
0743 Rubombelle
8%
0785 Tokorico
8%
0800 Ultra-Necrozma
8%
0835 Voltoutou
8%
0279 Bekipan
0%
0213 Caratroc
0%
0878 Charibari
0%
0267 Charmillon
0%
0869 CharmillyGigamax
0%
0869 Charmilly Lait Citron
0%
0869 CharmillyMélange Ruby
0%
0869 CharmillyMélange Tricolore
0%
0956 Cléospytra
0%
0825 Coléodôme
0%
0941 Fulgulairo
0%
0647 KeldeoAspect Décidé
0%
0647 KeldeoAspect Normal
0%
0296 Makuhita
0%
0774 MéténoNoyau Jaune
0%
0877 MorpekoMode Rassasié
0%
0978 NigirigonForme Raide
0%
0666 PrismillonMotif Continent
0%
0337 Séléroc
0%
0931 TapatoèsPlumage Jaune
0%
0948 Terracool
0%
0938 Têtampoule
0%
0612 Tranchodon
0%
0563 Tutankafer
0%
Aucun quiz correspondant
Distribution des résultats
% des personnes avec chaque résultat
Percentile par nombre de réponses
Votre historique - résultats
Vous n’avez pas pris ce quiz